X-Men Movies - Statistics

General Stats
  • This quiz has been taken 31 times
  • The average score is 12 of 13
Answer Stats
Picture Answer % Correct
X-Men
100%
X-Men: First Class
100%
Deadpool
96%
The Wolverine
96%
X-Men: Days of Future Past
96%
Deadpool 2
93%
X2
93%
X-Men Origins: Wolverine
93%
Logan
89%
X-Men: The Last Stand
85%
Dark Phoenix
81%
X-Men: Apocalypse
81%
The New Mutants
74%
No matching quizzes found
Score Distribution
Percent of People with Each Score
Percentile by Number Answered
Your Score History
You have not taken this quiz